Professional Business Writing. (Record no. 5059)

MARC details
005 - DATE AND TIME OF LATEST TRANSACTION
control field 20250625130230.0
020 ## - INTERNATIONAL STANDARD BOOK NUMBER
International Standard Book Number -13:978-0-07-821165-5
082 ## - DEWEY DECIMAL CLASSIFICATION NUMBER
Classification number 651.7'5 KER
100 ## - MAIN ENTRY--PERSONAL NAME
Author name KERBEY, E.
245 ## - TITLE STATEMENT
Title Professional Business Writing.
250 ## - EDITION STATEMENT
Edition statement 7th Ed.
260 ## - PUBLICATION, DISTRIBUTION, ETC.
Place of publication, distribution, etc. New York,
Name of publisher, distributor, etc. Mc Graw-Hill Irwin,
Date of publication, distribution, etc. 2002.
300 ## - PHYSICAL DESCRIPTION
Extent vi, 484p.: figure
Other physical details Index
Dimensions 27cm
700 ## - ADDED ENTRY--PERSONAL NAME
Other authors/Editors SATTERWHITE, M. L.
942 ## - ADDED ENTRY ELEMENTS (KOHA)
Source of classification or shelving scheme Dewey Decimal Classification
Koha item type Books
Holdings
Date last seen Total checkouts Full call number Barcode Cost, replacement price Price effective from Koha item type Lost status Source of classification or shelving scheme Damaged status Not for loan Withdrawn status Home library Current library Shelving location Date acquired Cost, normal purchase price
06/25/2025   651.7'5 KER DOM0002760 120000.00 06/25/2025 Books   Dewey Decimal Classification       CBE Dodoma CBE Dodoma General Collection 04/04/2004 40000.00